• 首页
  • 本馆介绍
  • 公告通知
  • 最新文献
  • 馆藏检索
  • 电子资源
  • 读者导购
  • 参考咨询
  • 我的图书馆
  • 登录
  • 详细信息显示
  • 放入我的书架
  • 预约/预借图书
  • 作者相关作品
  • 分类相关作品
  • 丛书相关作品
  • 出版社相关作品

书目信息

  • 表格格式
  • 工作单格式
  • 卡片格式
题名:
鱼类史
    
 
作者: J.R.诺门 著 ;邹源琳 译
分册:  
出版信息: 北京   科学出版社  1966
页数: 421页
开本: 20cm
丛书名:
单 册:
中图分类: S91
科图分类:
主题词: 鱼类学 , 渔业--基础科学
电子资源:
ISBN:
000 00646nam0 2200241 45
001 0178005892
005 20060419101309.31
010    @dCNY2.40
091    @aCN@b13031.851
100    @a19950727e19781966em y0chiy0121 ea
101 1  @achi@ceng
102    @aCN@b110000
105    @ay z 000yy
200 10 @a鱼类史@Ayu lei shi@f(英)J.R.诺门著@F(ying)J.R.nuo men zhu@g邹源琳译
210    @a北京@c科学出版社@d1966
215    @a421页@d20cm
606    @a鱼类学
606 0  @a渔业@x基础科学
690    @aS91@v3
701  0 @aJ.R.诺门@AJ.R.nuo men@4著
702  0 @a邹源琳@Azou yuan lin@4译
801  0 @aCN@bTSSF@c20060419
905    @a10447@dS91@e1-5
    
    鱼类史/(英)J.R.诺门著/邹源琳译.-北京:科学出版社,1966
    421页;20cm
    
    
    ISBN :CNY2.40
    
●
相关链接 在E读中查询图书 在五车中查询图书 在当当中查询图书 在豆瓣中查询图书


正题名:鱼类史     索取号:S91/1-5         预约/预借

序号 登录号 条形码 馆藏地/架位号 状态 备注
1 0004529   202220863   密集书库/ [索取号:S91/1-5] 在馆    
2 0004531   000882851   密集书库/ [索取号:S91/1-5] 在馆    
唐山师范学院图书馆 欢迎您!
大连网信软件有限公司© 版权所有